Представление документа в формате RUSMARC

ПолеНазваниеЗначение
  Тип записи a
  Библиографический уровень c
001 Контрольный номер RU/SLIB/B/208750334
005 Дата корректировки 20201206204129.0
010 Индекс ISBN __
d Цена 2-10
101 Язык документа __
a Язык текста rus
200 Заглавие и сведения об ответственности 0_
a Заглавие Былины. Русские народные сказки. Древнерусские повести
e Сведения, относящиеся к заглавию сборник
f Первые сведения об ответственности вступ. ст., сост. и коммент. В. П. Аникина [и др.] ; ил. И. Д. Архипова
b Общее обозначение материала Текст
210 Выходные данные __
a Место издания М.
c Издательство Дет. лит.
d Дата издания 1986
215 Физическое описание __
a Объем 638 с., 9 л. ил.
c Иллюстрации/тип воспроизводства ил.
330 Аннотация __
a Аннотация Переводы с древнерусского и пересказы сказок всем известных и мало известных былин от "Ильи Муромца" до "Вавилы"; сюда же вошли повести, начиная с древнерусской летописи и кончая повестью времен Петра Великого "История о российском матросе Василии Кориотском и о прекрасной королевне Ираклии Флоренской земли". Ко всем сказкам, былинам, повестям - интересные пояснения: "Мир былин и сказок" и "Первые века русской литературы".
517 Другие варианты заглавия __
a Другие варианты заглавия Русские народные сказки
517 Другие варианты заглавия __
a Другие варианты заглавия Древнерусские повести
606 Тематические рубрики __
a Основная рубрика Фольклор
606 Тематические рубрики __
a Основная рубрика Фольклор России
610 Ключевые слова __
a Ключевые слова эпос; устное народное творчество; былины; сказки
686 Индексы других классификаций __
a Классификационный индекс 82.3(2Рос=Рус)-6
686 Индексы других классификаций __
a Классификационный индекс 84(2Рос=Рус)1
801 Источник записи _0
a Страна RU
b Организация Муниципальное бюджетное учреждение культуры "Централизованная библиотечная система" г. Сургут (Центральная городская библиотека им. А. С. Пушкина)
g Правила каталогизации КиК/Лебедева
801 Источник записи _1
a Страна RU
b Организация Муниципальное бюджетное учреждение культуры "Централизованная библиотечная система" г. Сургут (Центральная городская библиотека им. А. С. Пушкина)
g Правила каталогизации КиК/Лебедева
852 Данные о местонахождении __
j Шифр хранения 82.3(2Рос=Рус)-6
c Каталожный индекс 82.3(2Рос=Рус)-6; 84(2Рос=Рус)1
i Авторский знак Б 95
p Инвентарный номер 31641
901 Тип документа __
t Тип документа x
969 Тип издания __
a Тип издания сборник
990 Данные о заказе (DOS) 00
j Количество экземпляров (DOS) 2